<?xml version="1.0" encoding="UTF-8"?>
<record
    xmlns:xsi="http://www.w3.org/2001/XMLSchema-instance"
    xsi:schemaLocation="http://www.loc.gov/MARC21/slim http://www.loc.gov/standards/marcxml/schema/MARC21slim.xsd"
    xmlns="http://www.loc.gov/MARC21/slim">

  <leader>00457nam a22001577a 4500</leader>
  <controlfield tag="005">20250708111054.0</controlfield>
  <controlfield tag="008">250708b        |||||||| |||| 00| 0 eng d</controlfield>
  <datafield tag="020" ind1=" " ind2=" ">
    <subfield code="a">978-1-84480-805-2</subfield>
  </datafield>
  <datafield tag="100" ind1=" " ind2=" ">
    <subfield code="a">Hodge, Robert</subfield>
  </datafield>
  <datafield tag="245" ind1=" " ind2=" ">
    <subfield code="a">ACCOUNTING </subfield>
    <subfield code="b">A Foundation</subfield>
  </datafield>
  <datafield tag="260" ind1=" " ind2=" ">
    <subfield code="a">LONDON</subfield>
    <subfield code="b">Cengage Learning EMEA</subfield>
    <subfield code="c">2008,</subfield>
  </datafield>
  <datafield tag="300" ind1=" " ind2=" ">
    <subfield code="a">XXII,676P.</subfield>
  </datafield>
  <datafield tag="500" ind1=" " ind2=" ">
    <subfield code="a">INCLUDES INDEX</subfield>
  </datafield>
  <datafield tag="650" ind1=" " ind2=" ">
    <subfield code="a">1. ACCOUNTING, MANAGEMENT ACCOUNTING 2. FINANCIAL ACCOUNTING</subfield>
  </datafield>
  <datafield tag="942" ind1=" " ind2=" ">
    <subfield code="2">lcc</subfield>
    <subfield code="c">BK</subfield>
  </datafield>
  <datafield tag="999" ind1=" " ind2=" ">
    <subfield code="c">215839</subfield>
    <subfield code="d">215839</subfield>
  </datafield>
  <datafield tag="952" ind1=" " ind2=" ">
    <subfield code="0">0</subfield>
    <subfield code="1">0</subfield>
    <subfield code="2">lcc</subfield>
    <subfield code="4">0</subfield>
    <subfield code="6">HF5635 H63  02008</subfield>
    <subfield code="7">0</subfield>
    <subfield code="8">BUS</subfield>
    <subfield code="9">372159</subfield>
    <subfield code="a">KSUL</subfield>
    <subfield code="b">KSUL</subfield>
    <subfield code="d">2025-07-08</subfield>
    <subfield code="i">108972</subfield>
    <subfield code="l">0</subfield>
    <subfield code="o">HF 5635 .H63 2008</subfield>
    <subfield code="p">000000018207</subfield>
    <subfield code="r">2025-07-08 11:14:12</subfield>
    <subfield code="t">1</subfield>
    <subfield code="w">2025-07-08</subfield>
    <subfield code="y">BK</subfield>
  </datafield>
  <datafield tag="952" ind1=" " ind2=" ">
    <subfield code="0">0</subfield>
    <subfield code="1">0</subfield>
    <subfield code="2">lcc</subfield>
    <subfield code="4">0</subfield>
    <subfield code="6">HF5635 H63  02008</subfield>
    <subfield code="7">0</subfield>
    <subfield code="8">BUS</subfield>
    <subfield code="9">372161</subfield>
    <subfield code="a">KSUL</subfield>
    <subfield code="b">KSUL</subfield>
    <subfield code="c">DISPLAY</subfield>
    <subfield code="d">2025-07-08</subfield>
    <subfield code="i">108973</subfield>
    <subfield code="l">0</subfield>
    <subfield code="o">HF 5635 .H63 2008</subfield>
    <subfield code="p">000000018212</subfield>
    <subfield code="r">2025-07-08 11:27:34</subfield>
    <subfield code="t">2</subfield>
    <subfield code="w">2025-07-08</subfield>
    <subfield code="y">BK</subfield>
  </datafield>
  <datafield tag="952" ind1=" " ind2=" ">
    <subfield code="0">0</subfield>
    <subfield code="1">0</subfield>
    <subfield code="2">lcc</subfield>
    <subfield code="4">0</subfield>
    <subfield code="6">HF5635 H63  02008</subfield>
    <subfield code="7">0</subfield>
    <subfield code="8">BUS</subfield>
    <subfield code="9">372168</subfield>
    <subfield code="a">KSUL</subfield>
    <subfield code="b">KSUL</subfield>
    <subfield code="c">DISPLAY</subfield>
    <subfield code="d">2025-07-08</subfield>
    <subfield code="i">108974</subfield>
    <subfield code="l">0</subfield>
    <subfield code="o">HF 5635 .H63 2008</subfield>
    <subfield code="p">000000018211</subfield>
    <subfield code="r">2025-07-08 11:27:00</subfield>
    <subfield code="t">3</subfield>
    <subfield code="w">2025-07-08</subfield>
    <subfield code="y">BK</subfield>
  </datafield>
  <datafield tag="952" ind1=" " ind2=" ">
    <subfield code="0">0</subfield>
    <subfield code="1">0</subfield>
    <subfield code="2">lcc</subfield>
    <subfield code="4">0</subfield>
    <subfield code="6">HF5635 H63  02008</subfield>
    <subfield code="7">0</subfield>
    <subfield code="8">BUS</subfield>
    <subfield code="9">372172</subfield>
    <subfield code="a">KSUL</subfield>
    <subfield code="b">KSUL</subfield>
    <subfield code="c">DISPLAY</subfield>
    <subfield code="d">2025-07-08</subfield>
    <subfield code="i">108975</subfield>
    <subfield code="l">1</subfield>
    <subfield code="o">HF 5635 .H63 2008</subfield>
    <subfield code="p">000000018208</subfield>
    <subfield code="r">2026-04-06 11:32:09</subfield>
    <subfield code="s">2026-03-20</subfield>
    <subfield code="t">4</subfield>
    <subfield code="w">2025-07-08</subfield>
    <subfield code="y">BK</subfield>
  </datafield>
  <datafield tag="952" ind1=" " ind2=" ">
    <subfield code="0">0</subfield>
    <subfield code="1">0</subfield>
    <subfield code="2">lcc</subfield>
    <subfield code="4">0</subfield>
    <subfield code="6">HF5635 H63  02008</subfield>
    <subfield code="7">0</subfield>
    <subfield code="8">BUS</subfield>
    <subfield code="9">372174</subfield>
    <subfield code="a">KSUL</subfield>
    <subfield code="b">KSUL</subfield>
    <subfield code="c">DISPLAY</subfield>
    <subfield code="d">2025-07-08</subfield>
    <subfield code="i">108976</subfield>
    <subfield code="l">0</subfield>
    <subfield code="o">HF 5635 .H63 2008</subfield>
    <subfield code="p">000000018210</subfield>
    <subfield code="r">2025-07-08 11:27:00</subfield>
    <subfield code="t">5</subfield>
    <subfield code="w">2025-07-08</subfield>
    <subfield code="y">BK</subfield>
  </datafield>
</record>
